[Event "Quebec-ch qual U1400"]
[Site "Montreal"]
[Date "2005.10.09"]
[Round "3"]
[White "Fabry, Christian"]
[Black "Ouimet, Olivier"]
[Result "1-0"]
[WhiteElo "1379"]
[BlackElo "1329"]
[PlyCount "69"]
[EventDate "2005.10.08"]
[EventType "swiss"]
[EventRounds "7"]
[EventCountry "CAN"]
[SourceTitle "EXT 2009"]
[Source "ChessBase"]
[SourceDate "2008.11.26"]
[SourceVersion "1"]
[SourceVersionDate "2008.11.26"]
[SourceQuality "1"]

1. e4 c5 2. c3 d6 3. d4 cxd4 4. cxd4 Nf6 5. Nc3 g6 6. Nf3 Bg7 7. Bb5+ Bd7 8. Qa4 a6 9. Bxd7+ Qxd7 10. Qb3 b5 11. Ng5 0-0 12. e5 dxe5 13. dxe5 Ng4 14. e6 Qd4 15. exf7+ Kh8 16. 0-0 Qe5 17. g3 Nh6 18. Bf4 Qf5 19. Nd5 Nxf7 20. Nxe7 Nxg5 21. Nxf5 Rxf5 22. Rad1 Nh3+ 23. Kh1 Nxf4 24. Rd8+ Bf8 25. Qc3+ Kg8 26. gxf4 Rxf4 27. Qc7 Rc4 28. Qb7 Nc6 29. Qxa8 Kg7 30. Rxf8 Kh6 31. Rg1 a5 32. Rf6 Nd4 33. Qf8+ Kh5 34. Qg7 a4 35. Qxh7# 1-0

[Event "Sherbrooke-opC"]
[Site "Sherbrooke"]
[Date "2005.05.28"]
[Round "2"]
[White "Fabry, Christian"]
[Black "Remillard, Pierre"]
[Result "1-0"]
[WhiteElo "1314"]
[BlackElo "1431"]
[PlyCount "64"]
[EventDate "2005.05.??"]
[EventType "swiss"]
[EventRounds "5"]
[EventCountry "CAN"]
[SourceTitle "CBM 106 Extra"]
[Source "ChessBase"]
[SourceDate "2005.07.01"]
[SourceVersion "1"]
[SourceVersionDate "2005.07.01"]
[SourceQuality "1"]

1. e4 c5 2. c3 d5 3. exd5 Qxd5 4. Nf3 Nf6 5. d4 cxd4 6. cxd4 e6 7. a3 Nc6 8. Nc3 Qa5 9. Bd2 Qb6 10. Na4 Qd8 11. Bc3 Be7 12. Bd3 Qc7 13. 0-0 Ng4 14. h3 h5 15. hxg4 hxg4 16. g3 gxf3 17. Qxf3 b6 18. d5 Nd8 19. dxe6 Bb7 20. Be4 Bxe4 21. exf7+ Kf8 22. Qxe4 Rc8 23. Rac1 Qd7 24. Rfe1 Qb7 25. Bxg7+ Kxg7 26. Qxb7 Nxb7 27. Rxc8 Rxc8 28. Rxe7 Rc4 29. Nxb6 Rc1+ 30. Kg2 axb6 31. Rxb7 Rc2 32. Rxb6 Kxf7 1-0

[Event "Sherbrooke-opC"]
[Site "Sherbrooke"]
[Date "2005.05.27"]
[Round "1"]
[White "Poirier, Vincent"]
[Black "Fabry, Christian"]
[Result "1/2-1/2"]
[WhiteElo "1442"]
[BlackElo "1314"]
[PlyCount "118"]
[EventDate "2005.05.??"]
[EventType "swiss"]
[EventRounds "5"]
[EventCountry "CAN"]
[SourceTitle "CBM 106 Extra"]
[Source "ChessBase"]
[SourceDate "2005.07.01"]
[SourceVersion "1"]
[SourceVersionDate "2005.07.01"]
[SourceQuality "1"]

1. d4 Nf6 2. c4 d6 3. Nc3 e5 4. dxe5 dxe5 5. Qxd8+ Kxd8 6. Bg5 c6 7. Nf3 Bd6 8. Rd1 Kc7 9. e3 Bf5 10. Be2 Ne4 11. Nxe4 Bxe4 12. 0-0 f6 13. Bh4 g5 14. Bg3 Nd7 15. Nd2 Bg6 16. f4 h5 17. f5 Bf7 18. Ne4 Be7 19. Rd2 Nc5 20. Nxg5 fxg5 21. Bxe5+ Kb6 22. b4 Rhd8 23. bxc5+ Bxc5 24. Rb2+ Ka6 25. Kf2 Re8 26. Bd4 Bxd4 27. exd4 Re4 28. c5+ Ka5 29. Rxb7 Rf4+ 30. Ke1 Bxa2 31. Rxf4 gxf4 32. Bxh5 Ka6 33. Rb2 Bd5 34. g3 Rf8 35. g4 f3 36. Kf2 Be4 37. Ke3 Bd5 38. Bg6 Rh8 39. f6 Rh3 40. Kf4 Ka5 41. Be4 Rh6 42. Bxd5 Rxf6+ 43. Ke3 cxd5 44. Rf2 Kb4 45. Rxf3 Re6+ 46. Kd3 a5 47. Rf2 Kb3 48. Rc2 Rc6 49. g5 a4 50. Rc3+ Kb2 51. Kd2 a3 52. h4 a2 53. Rc2+ Kb1 54. Rxa2 Kxa2 55. Ke3 Re6+ 56. Kf4 Re4+ 57. Kf5 Rxd4 58. Ke5 Rxh4 59. Kxd5 Rh5 1/2-1/2